Произведения Жана-Поля Сартра - Армагеддон - Statistics

General Stats
  • This quiz has been taken 10 times
  • The average score is 2 of 15
Answers on the Grid
Answers color-coded by a green-red scale on the quiz's grid according to % correct below.
Человек без страны
Искусство выигрывать в споре
Возраст зрелости
Мухи
Зарисовки эмоциональной теории
Жизнь с идиотом
Дороги к свободе
Второй пол
Антисемит и еврей
Открытое общество и его враги
Выхода нет
Слова
Бегство от свободы
Два самоубийства
Тошнота
Добродетельная проститутка
За закрытыми дверями
Контрапункт
Бытие и время
Откровения паршивого художника
Грязные руки
В поисках метода
За оказанные услуги
Возможность острова
Экзистенциализм есть гуманизм
Общество спектакля
Самоубийство
Проблемы со сном
Миф о Сизифе
Бытие и ничто
 
Answer Stats
Answer % Correct
Тошнота
60%
Мухи
40%
Экзистенциализм есть гуманизм
40%
Бытие и ничто
20%
Возраст зрелости
0%
Зарисовки эмоциональной теории
0%
Дороги к свободе
0%
Антисемит и еврей
0%
Выхода нет
0%
Слова
0%
Добродетельная проститутка
0%
За закрытыми дверями
0%
Грязные руки
0%
В поисках метода
0%
Проблемы со сном
0%
No matching quizzes found
Score Distribution
Percent of People with Each Score
Percentile by Number Answered
Your Score History
You have not taken this quiz